| 000 | 00000nam##2200000za#4500 |
| 001 | 9.542149 |
| 003 | CaOODSP |
| 005 | 20210615090124 |
| 007 | ta |
| 008 | 150406|2005||||xxc||||| f|0| 0 fre|d |
| 020 | |a0-662-69252-7 |
| 040 | |aCaOODSP|bfre |
| 041 | |aeng |
| 041 | |afre |
| 043 | |an-cn--- |
| 086 | 1 |aPS3-1/2005-4 |
| 110 | 1 |aCanada. |bSécurité publique et protection civile Canada. |
| 245 | 10|aLes rapports présentenciels au Canada / |c[par] James Bonta ... [et al.] |
| 260 | |bSécurité publique et Protection civile Canada |c2005. |
| 300 | |aii, 37p. : |bréférences, tableaux ; |c28 cm. |
| 490 | 1 |aRecherche sur les questions correctionnelles, rapport pour spécialistes|v2005-03 |
| 520 | 3 |aCe rapport fait partie d’une série de rapports de recherche en criminologie visant les milieux de la justice pénale et des services correctionnels. Divers sujets sont abordés dans le cadre de la série, entre autres le taux de récidive des délinquants sexuels, les méthodes d’évaluation du risque de récidive que présentent les agresseurs, le calcul des peines d’emprisonnement et les tendances de la confiance du public dans l’administration de la justice. Les rapports comprennent une section sur la méthode de recherche et une bibliographie. |
| 563 | |aReliure à spirale |
| 590 | |a05-40|b2005-10-07 |
| 691 | 07|aDécision du tribunal|2gcpds |
| 720 | 1 |aBonta, James |
| 776 | 0#|tPresentence reports in Canada / |w(CaOODSP)9.559665 |
| 776 | 0#|tLes rapports présentenciels au Canada / |w(CaOODSP)9.592398 |
| 791 | |tPresentence reports in Canada / |eeng|w(CaOODSP)9.542148 |
| 830 | #0|aRecherche sur les questions correctionnelles, rapport pour spécialistes ;|v2005-03|w(CaOODSP)9.510973 |